Missing Word: Harry Potter Characters in Other Movies Quiz Stats

Quiz Updated Jun 8, 2018

Challenge
Share
Tweet
Embed
Score 0/14 Timer 02:00
14 Plays Today
Movie Missing Word % Correct
_____ Hawk DownBlack
94.3%
Anchorman: The Legend of ____ BurgundyRon
93%
Dirty ______Harry
92.7%
_______ of the JungleGeorge
89%
I Shot Jesse ______James
87.2%
Turner & _____Hooch
80.5%
_______ Do-RightDudley
76.1%
Movie Missing Word % Correct
The Shop Around the _______Corner
68.1%
Educating _____Rita
67.5%
The Lovely ______Bones
63.2%
Bob & Carol & ____ & AliceTed
52.3%
______ ClausFred
51.8%
______ & the Angry InchHedwig
46.4%
Behind the Mask: The Rise of Leslie _______Vernon
39.3%

Today's Daily Dose

Missing Word
1998 A-Z Movies

Word Ladder
5 Vowel Sounds

Quick Pick
Legal Terms

On This Day
June 25th II

You're not logged in!

Compare scores with friends on all Sporcle quizzes.
Join for Free
OR
Log In

You Might Also Like...

Show Comments

Extras

Top Quizzes Today


Score Distribution

Your Account Isn't Verified!

In order to create a playlist on Sporcle, you need to verify the email address you used during registration. Go to your Sporcle Settings to finish the process.

Report this User

Report this user for behavior that violates our Community Guidelines.

Details: